Manual pericial de balística y armamento (Registro nro. 2916)
[ vista simple ]
| 000 -Cabecera | |
|---|---|
| Campo de control de longitud fija | 00849aam a2200337 4500 |
| 005 - Fecha y hora de la última transacción | |
| Campo de control | 20251110190319.0 |
| 008 - Elementos de longitud fija--Información general | |
| Campo de control de longitud fija | 150303b2008 xxu||||| |||| 00| 0 spa d |
| 020 ## - International Standard Book Number | |
| Número Internacional Estándar del Libro (ISBN) | 9789879488676 |
| 041 ## - Idioma | |
| Código de idioma | Español |
| 082 ## - Clasificación Decimal Dewey | |
| Número de clasificación | 363.256.2 C543m |
| 100 ## - Entrada principal--Autor personal | |
| Nombre personal | Chivild, Darío Raúl |
| 9 (RLIN) | 24959 |
| 245 ## - Título propiamente dicho | |
| Título | Manual pericial de balística y armamento |
| 260 ## - Pie de imprenta | |
| Lugar de publicación, distribución, etc. | Argentina |
| 260 ## - Pie de imprenta | |
| Nombre del editor, distribuidor, etc. | García-Alonso |
| 260 ## - Pie de imprenta | |
| Fecha de publicación, distribución, etc. | 2008 |
| 300 ## - Descripción física | |
| Extensión | 318 páginas |
| 490 ## - Serie | |
| Título de la Serie | Investigación Criminal |
| 650 ## - Materia general | |
| Temática (materia general) | BALÍSTICA |
| 650 ## - Materia general | |
| Temática (materia general) | CRIMINALÍSTICA |
| 650 ## - Materia general | |
| Temática (materia general) | PERITO |
| 650 ## - Materia general | |
| Temática (materia general) | CLASIFICACIÓN DE ARMAS |
| 650 ## - Materia general | |
| Temática (materia general) | SISTEMAS DEFENSIVOS |
| 650 ## - Materia general | |
| Temática (materia general) | ARMAS CORTAS |
| 650 ## - Materia general | |
| Temática (materia general) | ARMAS LARGAS |
| 650 ## - Materia general | |
| Temática (materia general) | ESCOPETA |
| 650 ## - Materia general | |
| Temática (materia general) | CARTUCHOS |
| 650 ## - Materia general | |
| Temática (materia general) | DETECCIÓN PERICIAL |
| 650 ## - Materia general | |
| Temática (materia general) | EXPLOSIVOS |
| 650 ## - Materia general | |
| Temática (materia general) | BALÍSTICA |
| 942 ## - Punto de acceso adicional KOHA | |
| Tipo de ítem KOHA | Libro |
| Fuente del sistema de clasificación o colocación | Dewey Decimal Classification |
| Signatura completa | Código de barras | Programa Académico | Tipo de ítem |
|---|---|---|---|
| 363.256.2 C543m | 18562 | Investigación Criminal | Libro |
| 363.256.2 C543m | 16377 | Investigación Criminal | Libro |